O rapto do garoto de ouro (Record no. 195022)

MARC details
000 -LÍDER
campo de controle de tamanho fixo 00321 a2200145 4500
001 - NÚMERO DE CONTROLE
campo de controle 195022
040 ## - FONTE DA CATALOGAÇÃO
Instituição que transcreveu o registro Magnum
100 ## - ENTRADA PRINCIPAL--NOME PESSOAL
Nome pessoal Rey, Marcos
240 10 - TÍTULO UNIFORME
Título uniforme O rapto do garoto de ouro
Idioma da obra por
245 10 - TÍTULO
Título O rapto do garoto de ouro
300 ## - DESCRIÇÃO FÍSICA
Extensão 155
440 #1 - DECLARAÇÃO DE SÉRIE/ENTRADA ADICIONADA--TÍTULO
Título Ática
697 ## - ENTRADA DE ASSUNTO LOCAL--ENTIDADE COLETIVA (RLIN)
Nome corporativo ou nome da jurisdição LITERATURA INFANTO-JUVENIL
942 ## - ELEMENTOS DE ENTRADA ADICIONADOS (KOHA)
Tipo de material Koha Livros
Holdings
Situação do descarte Situação das perdas Situação física Não pode ser emprestado Biblioteca de origem Biblioteca atual Data de aquisição Total de empréstimos Número de chamada completo Código de barras Data de último acesso Data do preço efetivo Tipo de material Koha
        Magnum Magnum 08/06/2024   869.2.1796 MAG00075724 08/06/2024 08/06/2024 Livros